Environmental Health Law (Record no. 33392)

MARC details
000 -LEADER
fixed length control field 00394nam a22001697a 4500
005 - DATE AND TIME OF LATEST TRANSACTION
control field 20230903090703.0
008 - FIXED-LENGTH DATA ELEMENTS--GENERAL INFORMATION
fixed length control field 230903b |||||||| |||| 00| 0 eng d
020 ## - INTERNATIONAL STANDARD BOOK NUMBER
ISBN 0421465506
082 ## - DEWEY DECIMAL CLASSIFICATION NUMBER
Classification number 344.104
Item number HAW-E
100 ## - MAIN ENTRY--AUTHOR
Author Name Hawke
245 ## - TITLE STATEMENT
Title Environmental Health Law
260 ## - PUBLICATION, DISTRIBUTION, ETC.
Place of Publication Britain;
Name of publisher, distributor, etc. Sweet,
Date of publication, distribution, etc. 1995.
300 ## - PHYSICAL DESCRIPTION
Pages 606 Pages
500 ## - GENERAL NOTE
General note Include Index
650 ## - SUBJECT ADDED ENTRY--TOPICAL TERM
Subject / Department Misx
952 ## - LOCATION AND ITEM INFORMATION (KOHA)
-- 0
-- 0
Holdings
Lost status Damaged status Permanent Location Current Location Shelving Location Date acquired Full Call Number Accession No./Barcode Date last seen item type
    Superior Information Resource Center (SIRC) Superior University- Gold Campus Superior Information Resource Center (SIRC) Superior University- Gold Campus MISC 09/03/2023 344.104 HAW-E 1995 19769 09/03/2023 BOOK

Powered by Koha